000 00400nam a2200169Ia 4500
001 19203
003 GE_BSU
008 181216s||||||||xx |||||||||||||| ||und||
040 _cGE_BSU
245 _aParis Match, №3479 du 21 AU 27janvier .2016
260 _aParis
260 _c2016
300 _a135p;ill,col,30cm.
653 _aParis Match
653 _aპერიოდიკა
942 _cCR
999 _c52195
_d52195